[Event "Titled Tuesday intern op 23rd May Early"]
[Site "Chess.com INT"]
[Date "2023.05.23"]
[Round "1"]
[White "Makhmudov, Shukhrat"]
[Black "Starozhilov, Leonid"]
[Result "0-1"]
[WhiteElo "2115"]
[BlackElo "2313"]
[PlyCount "70"]
[EventDate "2023.05.23"]
[EventType "swiss (blitz)"]
[EventRounds "11"]
[EventCountry "USA"]
[SourceTitle "CBM 214 Extra"]
[Source "ChessBase"]
[SourceDate "2023.07.31"]
[SourceVersion "1"]
[SourceVersionDate "2023.07.31"]
[SourceQuality "1"]

1. e4 g6 2. d4 Bg7 3. Nc3 d6 4. Be3 a6 5. Qd2 b5 6. a3 Bb7 7. 0-0-0 Nd7 8. Kb1 e6 9. f3 h5 10. h4 Ne7 11. Nh3 c6 12. Ng5 Qc7 13. d5 cxd5 14. exd5 e5 15. Bd3 Nb6 16. Bxb5+ axb5 17. Nxb5 Qd8 18. Qb4 0-0 19. Bxb6 Qxb6 20. Nxd6 Qxb4 21. axb4 Bxd5 22. c4 Bc6 23. b5 Bd7 24. Ndxf7 Bf5+ 25. Kc1 Rxf7 26. Nxf7 Kxf7 27. Rd6 Bh6+ 28. Kd1 Ra1+ 29. Ke2 Rxh1 30. b6 Rb1 31. c5 Rxb2+ 32. Ke1 Nc8 33. Rc6 Nxb6 34. cxb6 Be3 35. g4 Bd3 0-1